000 00339nam a2200121Ia 4500
008 231129s9999||||xx |||||||||||||| ||spa||
020 _a84-204-8139-4
082 _aGOR- 115
100 _aCortázar Julio
245 0 _aCuentos completos 2
264 _aMadrid España: Unigraf 1994
942 _2ddc
_cBKS
999 _c8443
_d8443